| 000 | 00559nam a22001697a 4500 | ||
|---|---|---|---|
| 999 |
_c196865 _d196865 |
||
| 005 | 20230804123421.0 | ||
| 010 | _aENG-137672 | ||
| 020 |
_a9788190632270 _c50.00 |
||
| 035 | _aEN-121204 | ||
| 082 | _a181.4 | ||
| 100 | 1 | _aKrishna Murty, A. | |
| 245 |
_aSilent Thunder : _cby A.Krishna Murthy _b"self " a scientific perspective / |
||
| 260 |
_aHyderabad _bInstitute Of Scientific Research on Vedas _c2010 |
||
| 270 |
_a11-13-279, Road No.8, Alakapuri, _bHyderabad _e500035 |
||
| 300 |
_a160p. _c22cm (pbk) |
||
| 942 |
_2ddc _cEN _mKRI _h181.41 |
||